000 00683cam a2200217 a 4500
001 14120302
003 OSt
005 20140326213003.0
008 050926s2009 es l 000 0 spa
040 _cBMC
082 _a346.0157284026
110 1 _915018
_aEl Salvador
_tLeyes, etc., familiares
245 1 0 _aRecopilación de leyes familiares
_ceditor, Ricardo Mendoza Orantes
250 _a4ª ed
260 _aSan Salvador
_bEditorial Jurídica Salvadoreña
_c2009
300 _a304 p.
_c24 cm
650 2 4 _aDerecho de familia
_zEl Salvador
_96814
650 2 4 _915033
_aFamilia
_zEl Salvador
_vLegislación
700 1 _aMendoza Orantes, Ricardo Alberto‏
_92370
942 _2ddc
_cBK
999 _c7774
_d7774